2026 FIFA World Cup European Countries - Statistics

General Stats
  • This quiz has been taken 31 times
  • The average score is 12 of 12
Answer Stats
Number Country % Correct
10 Belgium
100%
4 France
100%
1 Germany
100%
7 Netherlands
100%
6 Portugal
100%
5 Spain
100%
8 Austria
96%
12 Croatia
96%
2 Switzerland
96%
9 Norway
93%
11 England
89%
3 Scotland
82%
No matching quizzes found
Score Distribution
Percent of People with Each Score
Percentile by Number Answered
Your Score History
You have not taken this quiz